Central Library OPAC University of Rajshahi

Face of new India / (Record no. 27281)

MARC details
000 -LEADER
fixed length control field 00746nam a2200229 4500
001 - CONTROL NUMBER
control field 27281
003 - CONTROL NUMBER IDENTIFIER
rucl marc code UkOxU
005 - DATE AND TIME OF LATEST TRANSACTION
control field 20211209051132.0
008 - FIXED-LENGTH DATA ELEMENTS--GENERAL INFORMATION
fixed length control field 140324|1960 ii f000 0 eng d
035 ## - SYSTEM CONTROL NUMBER
System control number (BD-RjUL)27353
System control number (CStRLIN)CUBGGLAD16791118-B
040 ## - CATALOGING SOURCE
Modifying agency CStRLIN
Original cataloging agency BD-RjUL
Language of cataloging eng
Transcribing agency BD-RjUL
041 ## - LANGUAGE CODE
Language code of text/sound track or separate title eng
082 00 - DEWEY DECIMAL CLASSIFICATION NUMBER
Classification number 954.04
Author mark and year FAC 1960
110 1# - MAIN ENTRY--CORPORATE NAME
Corporate name or jurisdiction name as entry element India.
Subordinate unit Ministry of Information and Broadcasting.
9 (RLIN) 83746
245 10 - TITLE STATEMENT
Title Face of new India /
Statement of responsibility, etc. Ministry of Information and Broadcasting
260 ## - PUBLICATION, DISTRIBUTION, ETC. (IMPRINT)
Place of publication, distribution, etc. New Delhi :
Name of publisher, distributor, etc. Publications Division, Ministry of Information and Broadcasting.
Date of publication, distribution, etc. 1960.
300 ## - PHYSICAL DESCRIPTION
Pagination 8, [120] p. :
Illustrations ill. ;
Size 31 cm
651 #0 - SUBJECT ADDED ENTRY--GEOGRAPHIC NAME
Geographic name India
General subdivision Economic policy.
9 (RLIN) 83733
Geographic name India.
9 (RLIN) 83734
942 ## - ADDED ENTRY ELEMENTS (KOHA)
Source of classification or shelving scheme Dewey Decimal Classification
Koha item type Books
Holdings
Lost status Source of classification or shelving scheme Damaged status Not for loan Collection code Permanent Location Current Location Shelving location Date acquired Source of acquisition Cost, normal purchase price Total Checkouts Full call number Date last seen Copy number Koha item type
  Dewey Decimal Classification   Added to bundle Non-fiction Central Library, University of Rajshahi Central Library, University of Rajshahi Reading Room 07/03/1974 Standard Publication 16.00   954.04 FAC 1960 24/03/2014 C-1 Books